Personagens de Lost - Statistics

Estatísticas Gerais
  • Esse quiz foi jogado 32 vezes
  • A pontuação média é 9 de 16
Estatísticas das Respostas
Imagem Resposta % Correto
Jack Sheppard
93%
John Locke
79%
Kate Austen
79%
Sawyer
79%
Michael Dawson
66%
Charlie Pace
62%
Sayid Jarrah
62%
Hurley
59%
Sun-Hwa Kwon
59%
Jin-Soo Kwon
55%
Benjamin Linus
52%
Claire Littleton
52%
Desmond Hume
52%
Ethan Rom
41%
Danielle Rousseau
34%
Walt Lloyd
24%
Nenhum quiz correspondente encontrado
Distribuição das Pontuações
Porcentagem de Pessoas com Cada Pontuação
Percentil de Números Respondidos
Sua Pontuação Histórica
Você não jogou esse quiz